logo

Bir Sreshtho Munshi Abdur Rouf Library
Jhenaidah Cadet College

বরেন্দ্র থেকে বাংলাদেশ / (Record no. 1148)

MARC details
000 -LEADER
fixed length control field 00718nam a2200229 a 4500
001 - CONTROL NUMBER
JCCL Control Number 1148
003 - CONTROL NUMBER IDENTIFIER
JCCL marc code BD-JhCC
005 - DATE AND TIME OF LATEST TRANSACTION
control field 20171023200300.0
008 - FIXED-LENGTH DATA ELEMENTS--GENERAL INFORMATION
fixed length control field 171015s2000 bg p|||| |||| 00| 0 ben d
020 ## - INTERNATIONAL STANDARD BOOK NUMBER
International Standard Book Number 9844041414
035 ## - SYSTEM CONTROL NUMBER
system control number (BD-JhCC) 1148
040 ## - CATALOGING SOURCE
Original cataloging agency BD-JhCC
Modifying agency BD-JhCC
041 ## - LANGUAGE CODE
Language code of Book ben
082 ## - DEWEY DECIMAL CLASSIFICATION NUMBER
Classification number 954.92
Author mark and Year CHO 2000
100 ## - MAIN ENTRY--PERSONAL NAME
Personal name চৌধরী, শামসুল হুদা
245 ## - TITLE STATEMENT
Title বরেন্দ্র থেকে বাংলাদেশ /
Statement of responsibility, etc শামসুল হুদা চৌধরী
260 ## - PUBLICATION, DISTRIBUTION, ETC. (IMPRINT)
Place of publication, distribution, etc ঢাকা :
Name of publisher, distributor, etc অনুপম প্রকাশনী,
Date of publication, distribution, etc ২০০০
300 ## - PHYSICAL DESCRIPTION
Pagination 159 p. :
Other physical details ill,
Dimensions 21 cm
651 ## - SUBJECT ADDED ENTRY--GEOGRAPHIC NAME
Geographic name Bangladesh
942 ## - ADDED ENTRY ELEMENTS (KOHA)
Source of classification or shelving scheme Dewey Decimal Classification
Koha item type Books
Holdings
Source of classification or shelving scheme Damaged status Not for loan Home library Current library Shelving location Date of accession Cost, normal purchase price Total Checkouts Full call number Barcode Date last seen Copy number Koha item type Date checked out
Dewey Decimal Classification     JCC Rouf Library JCC Rouf Library General Stacks 10/15/2017 125.00   954.92 CHO 2000 2160 10/15/2017 C-1 Books  
Dewey Decimal Classification     JCC Rouf Library JCC Rouf Library General Stacks 09/06/2023 125.00 1 954.92 CHO 2000 2247 09/10/2023 C-2 Books 09/06/2023

JCC Library | Contacts | JCC Home

Last Update on 23 September 2017
Copyright @ 2017-2020 JCC Rouf Library
Rouf Library, Jhenidah Cadet College (JCC), Bangladesh